00330nam a2200133Ia 4500008004100000100002400041245004700065250001200112260002800124300000800152650001400160942000700174999001500181190216s9999||||xx |||||||||||||| ||und|| aAhmed Moulavi. C.;n 0aPrinciples And Practice Of Islamic Economy a1st Ed. bMoohim Publicaionc1964 a200 aEconomics cBK c9101d9101